Ładuje się......

No escape /

Opis bibliograficzny
Język:Undetermined
LEADER 00271nam a2200097Ia 4500
001 143435
008 170722s9999 xx 000 0 und d
245 |a No escape / 
942 |c GEN 
999 |c 161982  |d 161982 
952 |0 0  |1 0  |4 0  |7 0  |9 225835  |a LIB  |b LIB  |d 2017-08-12  |p G17061  |r 2017-08-12  |w 2017-08-12  |y GEN